| 000 | 00536nam a22001937a 4500 | ||
|---|---|---|---|
| 003 | CEME | ||
| 005 | 20210628203400.0 | ||
| 008 | 210120b xxu||||| |||| 00| 0 eng d | ||
| 020 | _a0-07-245760-0 | ||
| 040 | _cceme | ||
| 082 | _a617.1027 ARN | ||
| 100 |
_aArnheim , Daniel .D, Prentice , William .E _965103 |
||
| 245 | _aEssentials of athletic training | ||
| 250 | _a5TH | ||
| 260 |
_aNEW YORK _bMCGRAW HILL _c2002 |
||
| 300 | _aXXI,121P | ||
| 650 |
_aPHYSICAL EDUCTION AND TRAINING.ATHLETIC TRAINING _961989 |
||
| 942 |
_cBK _2ddc |
||
| 999 |
_c573415 _d573415 |
||